Statistics for Islands by Picture

Click here to take the quiz!

General Stats

  • This quiz has been taken 10,729 times
    (10,687 since last reset)
  • The average score is 11 of 18

Answer Stats

Answer % Correct
Easter Island
94%
Jamaica
91%
Manhattan
90%
Madagascar
80%
Alcatraz
76%
Cuba
74%
Tasmania
72%
Taiwan
65%
Great Britain
64%
Singapore
62%
Honshu
61%
Ireland
60%
Hong Kong
59%
Hawaii
59%
Bali
39%
New Guinea
31%
Hispaniola
22%
Socotra
14%

Score Distribution

Percentile by Number Answered

Percent of People with Each Score

Your Score History

You have not taken this quiz since the last reset